000 00510nam a22001937a 4500
003 KOHA_MİRAKIL
005 20251221114653.0
008 251221b tu ||||| |||| 00| 0 tur d
020 _a9789751401120
040 _aTR-AnABB
_btur
_cTR-AnABB
041 _atur
082 _a709.561
_bASL 2011
100 1 _aAslanapa, Oktay,
245 1 0 _aTürk sanatı /
_cOktay Aslanapa
260 _aİstanbul :
_bRemzi Kitabevi,
_c2011
300 _a453 sayfa ;
_c23 cm
650 0 4 _aSanat
942 _2ddc
_cBK
999 _c9808
_d9808
900 _bGizem YORULMAZ